| 000 | 00557nam a2200157 i 4500 | ||
|---|---|---|---|
| 001 | 87644 | ||
| 003 | ES-MaACL | ||
| 007 | t| | ||
| 008 | 041222s1983 sp ||||1| spa d | ||
| 100 | 1 |
_aKuhn, Thomas S. _968988 |
|
| 245 | 1 | 3 |
_aLa tensión esencial _b: estudios selectos sobre la tradición y el cambio en el ámbito de la ciencia / _cThomas S. Kuhn ; [traducción de Roberto Helier]. |
| 260 |
_aMadrid : _bFondo de Cultura Económica, _c[1983] |
||
| 300 |
_a380 p. ; _c21 cm. |
||
| 700 | 1 |
_aHelier, Roberto. _962429 |
|
| 852 |
_aES-MaACL _jL-6391 _bR.107097 |
||
| 999 |
_c87644 _d87644 |
||